Indian foreign policy. (Record no. 483)

MARC details
000 -LEADER
fixed length control field 00501cam a2200205ua 4500
001 - CONTROL NUMBER
control field 545
005 - DATE AND TIME OF LATEST TRANSACTION
control field 20260515113201.0
008 - FIXED-LENGTH DATA ELEMENTS--GENERAL INFORMATION
fixed length control field 110407n ii |||gr||||Z||||||eng
020 ## - INTERNATIONAL STANDARD BOOK NUMBER
International Standard Book Number 81-7729-018-5
040 ## - CATALOGING SOURCE
Transcribing agency MAIN
082 ## - DEWEY DECIMAL CLASSIFICATION NUMBER
Classification number 327.54
245 12 - TITLE STATEMENT
Title Indian foreign policy.
Statement of responsibility, etc. By Prem Arora.
250 ## - EDITION STATEMENT
Edition statement 1st.
260 ## - PUBLICATION, DISTRIBUTION, ETC.
Place of publication, distribution, etc. Jaipure:
Name of publisher, distributor, etc. Cosmose bookhive.,
Date of publication, distribution, etc. 2000.
300 ## - PHYSICAL DESCRIPTION
Extent 212 p.:6 cm.
653 ## - INDEX TERM--UNCONTROLLED
Uncontrolled term Political science.
653 ## - INDEX TERM--UNCONTROLLED
Uncontrolled term Indian foreign policy.
700 1# - ADDED ENTRY--PERSONAL NAME
Personal name Arora, Prem.,
942 ## - ADDED ENTRY ELEMENTS (KOHA)
Koha item type Books
Holdings
Withdrawn status Lost status Damaged status Not for loan Home library Current library Shelving location Date acquired Total checkouts Full call number Barcode Date last seen Date last checked out Copy number Price effective from Koha item type
        Naharkatiya College Library Naharkatiya College Library General stacks 09/19/2020 5 327.54 | ARO 817 07/22/2021 04/07/2021 1 09/19/2020 Books